Výrobci se předhánějí ve vývoji technologií i služeb
Rast dopytu po nákladných vozidlách a boj výrobcov o zákazníkov. Platnosť emisnej normy Euro VI. Príprava novej emisnej normy. Znižovanie emisií oxidu uhličitého a spotreby paliva. Projekt laboratórneho vozidla spoločnosti Renault Trucks. Požiadavka komplexných služieb. Inteligentné komunikačné tech...
Salvato in:
| Autore principale: | |
|---|---|
| Natura: | Capitolo di libro |
| Lingua: | ceco |
| Soggetti: | |
| Tags: |
Nessun Tag, puoi essere il primo ad aggiungerne!!
|
MARC
| LEADER | 00000naa a2200000 4500 | ||
|---|---|---|---|
| 001 | 0201795 | ||
| 005 | 20231211081036.3 | ||
| 041 | 0 | |a cze | |
| 044 | |a CZ | ||
| 245 | 1 | 0 | |a Výrobci se předhánějí ve vývoji technologií i služeb |c Vojtěch Kolář |
| 520 | |a Rast dopytu po nákladných vozidlách a boj výrobcov o zákazníkov. Platnosť emisnej normy Euro VI. Príprava novej emisnej normy. Znižovanie emisií oxidu uhličitého a spotreby paliva. Projekt laboratórneho vozidla spoločnosti Renault Trucks. Požiadavka komplexných služieb. Inteligentné komunikačné technológie - projekt Mercedes-Benz futur truck 2025. | ||
| 610 | 2 | 0 | |a automobily nákladné |
| 610 | 2 | 0 | |a technológie nové |
| 610 | 2 | 0 | |a emisie |
| 610 | 2 | 0 | |a spotreba |
| 610 | 2 | 0 | |a hmoty pohonné |
| 610 | 2 | 0 | |a služby |
| 610 | 2 | 0 | |a projekty |
| 100 | 1 | |a Kolář, Vojtěch | |